| 000 | 00938nam a2200277 i 4500 | ||
|---|---|---|---|
| 001 | 000024664 | ||
| 003 | DO-SdBNP | ||
| 005 | 20240104142350.0 | ||
| 007 | ta | ||
| 008 | 110202s2010 dr acd r 000 0 spa d | ||
| 020 | _a9789945469301 | ||
| 040 |
_aDO-SdBNP _bspa _cBNPHU _erda |
||
| 082 |
_bJ82c _222 |
||
| 100 | 1 |
_aJorge, Bernarda _950580 |
|
| 245 | 1 | 0 |
_aCaracterización del modernismo en la música dominicana : _b1940-1945 / _cBernarda Jorge. |
| 264 | 1 |
_aSanto Domingo : _bMinisterio de Cultura, _bNacional, _c2010. |
|
| 300 |
_a228 páginas _bgráficas, ilustraciones, retratos _c23 cm. |
||
| 336 |
_2rdacontent _atexto _btxt |
||
| 337 |
_2rdamedia _asin mediación _bn |
||
| 338 |
_2rdacarrier _avolumen _bnc |
||
| 490 | 1 | _aPensamiento dominicano | |
| 500 | _aIncluye datos biografícos de la autora en la solapa de la portada. | ||
| 504 | _aBibliografía : p. 197-211 | ||
| 590 | _aInventariado, 2024/ YL | ||
| 942 |
_2ddc _cLBS1 |
||
| 999 |
_c24157 _d24157 |
||